<?xml version="1.0" encoding="UTF-8"?><?xml-stylesheet type="text/xsl" href="static/style.xsl"?><OAI-PMH xmlns="http://www.openarchives.org/OAI/2.0/" xmlns:xsi="http://www.w3.org/2001/XMLSchema-instance" xsi:schemaLocation="http://www.openarchives.org/OAI/2.0/ http://www.openarchives.org/OAI/2.0/OAI-PMH.xsd"><responseDate>2026-04-14T07:06:26Z</responseDate><request verb="GetRecord" identifier="oai:www.recercat.cat:2117/188987" metadataPrefix="marc">https://recercat.cat/oai/request</request><GetRecord><record><header><identifier>oai:recercat.cat:2117/188987</identifier><datestamp>2025-07-22T17:13:27Z</datestamp><setSpec>com_2072_1033</setSpec><setSpec>col_2072_452951</setSpec></header><metadata><record xmlns="http://www.loc.gov/MARC21/slim" xmlns:dcterms="http://purl.org/dc/terms/" xmlns:xsi="http://www.w3.org/2001/XMLSchema-instance" xmlns:doc="http://www.lyncode.com/xoai" xsi:schemaLocation="http://www.loc.gov/MARC21/slim http://www.loc.gov/standards/marcxml/schema/MARC21slim.xsd">
   <leader>00925njm 22002777a 4500</leader>
   <datafield ind2=" " ind1=" " tag="042">
      <subfield code="a">dc</subfield>
   </datafield>
   <datafield ind2=" " ind1=" " tag="720">
      <subfield code="a">Novials Franco, Judit</subfield>
      <subfield code="e">author</subfield>
   </datafield>
   <datafield ind2=" " ind1=" " tag="260">
      <subfield code="c">2020-05-13</subfield>
   </datafield>
   <datafield ind2=" " ind1=" " tag="520">
      <subfield code="a">El present projecte té com a objectiu realitzar una anàlisi mecànica del funcionament de la màquina de cargolat del volant d’inèrcia al motor, la qual ha fallat poc temps després de la seva instal·lació en la línia de producció del client. Amb aquest estudi es busca poder explicar el perquè de la fallada de la màquina, que es manifesta en forma de flexió; superior a l’admissible, en els eixos dels tornavisos i en danys visibles tant en la superfície d’aquests eixos com en els casquets encarregats de guiar-los. Es demostrarà que la fallada de la màquina, fruit de la flexió dels eixos, està directament relacionada amb el disseny d’aquests eixos; tant pel que fa a la seva geometria, com al material emprat, i la disposició dels seus suports. S’exposarà, també, que la problemàtica deguda als danys observats en alguns components de la màquina de cargolat, com són els casquets, està directament relacionada amb la poca capacitat de càrrega que són capaços de suportar. Finalment, i una vegada obtingudes les conclusions, fruit l’estudi mecànic, es proposaran diferents alternatives al disseny actual de la màquina de cargolat, justificades amb els valors calculats en aquest estudi, que eliminin o minimitzin al màxim l’efecte sobre la maquinària provocat per l’origen del dany. Es presentaran diverses propostes, que ataquin el problema de la flexió dels eixos des de diferents punts de vista, però no és l’objectiu d’aquest projecte oferir un disseny completament nou i detallat, preparat per substituir l’actual màquina de cargolat. S’exposarà el ventall d’alternatives escollides a l’equip d’enginyers de Thyssenkrupp System Engineering i recaurà sobre ells l’elecció de la millor de les solucions, i el seu posterior disseny, per tal d’implementar-lo en la línia de producció de motors del client.</subfield>
   </datafield>
   <datafield tag="653" ind2=" " ind1=" ">
      <subfield code="a">Àrees temàtiques de la UPC::Enginyeria mecànica</subfield>
   </datafield>
   <datafield tag="653" ind2=" " ind1=" ">
      <subfield code="a">Automatic machinery</subfield>
   </datafield>
   <datafield tag="653" ind2=" " ind1=" ">
      <subfield code="a">Mechanical engineering</subfield>
   </datafield>
   <datafield tag="653" ind2=" " ind1=" ">
      <subfield code="a">Màquines automàtiques</subfield>
   </datafield>
   <datafield tag="653" ind2=" " ind1=" ">
      <subfield code="a">Enginyeria mecànica</subfield>
   </datafield>
   <datafield ind2="0" ind1="0" tag="245">
      <subfield code="a">Estudi mecànic de la viabilitat d'una màquina de cargolat del volant d'inèrcia al motor</subfield>
   </datafield>
</record></metadata></record></GetRecord></OAI-PMH>